Global Biodiversity Information Facility : (Registro nro. 3972)
[ vista simple ]
| 000 -CABECERA | |
|---|---|
| Campo de control | 00548nam a2200181 a 4500 |
| 005 - FECHA Y HORA DE LA ULTIMA TRANSACCION | |
| Campo de control | 20180803165135.0 |
| 008 - ELEMENTOS DE LONGITUD FIJA—INFORMACION GENERAL | |
| Campo de control | 160115s2003 dk fr|||| 000 0 spa d |
| 040 ## - FUENTE DE CATALOGACIÓN | |
| Agencia catalogadora original | CO-BoIAVH |
| Agencia transcriptora | CO-BoIAVH |
| 041 0# - IDIOMA | |
| Código de idioma para texto/pista de sonido o título separado | Inglés |
| 082 ## - NUMERO DE CLASIFICACION DECIMAL DEWEY | |
| Número de clasificación | 343.034 |
| Número del ítem | G56g |
| 245 0# - MENCION DE TITULO | |
| Título | Global Biodiversity Information Facility : |
| Parte restante del título | Financial report 2001-2002 |
| 260 ## - PUBLICACION, DISTRIBUCION, ETC. (PIE DE IMPRENTA) | |
| Lugar de publicación, distribución, etc. | Denmark : |
| Nombre del editor, distribuidor, etc. | KPMG , |
| Fecha de publicación, distribución, etc. | 2003. |
| 300 ## - DESCRIPCION FISICA | |
| Extensión | 16 páginas ; |
| Dimensiones | 30 x 21 cm. |
| 650 #6 - ASIENTO SECUNDARIO DE MATERIA - TERMINO TEMATICO | |
| Término temático o nombre geográfico como elemento de entrada | Biodiversidad |
| 9 (RLIN) | 92204 |
| 650 #4 - ASIENTO SECUNDARIO DE MATERIA - TERMINO TEMATICO | |
| Término temático o nombre geográfico como elemento de entrada | Año financiero |
| 9 (RLIN) | 51149 |
| 650 #4 - ASIENTO SECUNDARIO DE MATERIA - TERMINO TEMATICO | |
| Término temático o nombre geográfico como elemento de entrada | Declaraciones financieras |
| 9 (RLIN) | 51150 |
| 942 ## - ELEMENTOS ADICIONALES (KOHA) | |
| Tipo de ítem | Libro |
| Sistema de clasificación | Dewey Decimal Classification |
| Withdrawn status | Lost status | Sistema de Clasificación | Damaged status | No para préstamo | Colección | Inventariado | Ubicación Permanente | Ubicación actual | Fecha de adquisición | Total Checkouts | Número topográfico | Inventario / Código de Barras | Date last seen | Ejemplar | Price effective from | Forma de adquisición | Tipo de material |
|---|---|---|---|---|---|---|---|---|---|---|---|---|---|---|---|---|---|
| Dewey Decimal Classification | General | Inventariado 2017 | Bogotá | Bogotá | 01/07/2004 | LB-343.034 G56g | 016317 | 04/12/2012 | Ej.2 | 04/12/2012 | Libro | ||||||
| Dewey Decimal Classification | General | Inventariado 2017 | Bogotá | Bogotá | 01/07/2004 | LB-343.034 G56g | 016318 | 04/12/2012 | V.2 Ej.1 | 04/12/2012 | Libro |